Cvičení z české stylistiky /

Uložené v:
Podrobná bibliografia
Hlavní autori: Rejmánková, Miloslava, 1931-, Jirásek, Bohumil, 1931- (Author)
Médium: Kniha
Jazyk:Czech
Vydané: Praha : Státní pedagogické nakladatelství, 1958.
Vydanie:1. vydání
Fyzický popis: 112 strán.
Tagy: Pridať tag
Žiadne tagy, Buďte prvý kto otaguje tento záznam!

MARC

LEADER 00000nam a22000002i 4500
001 000694607
005 20230315075110.0
008 230315s1958 xr e 000 0 cze d
020 |c Kčs4,45  |q (brožované) 
040 |a SVKKK  |b slo  |c SVKKK  |e rda 
100 1 |a Rejmánková, Miloslava,  |d 1931- 
245 1 0 |a Cvičení z české stylistiky /  |c Miloslava Rejmánková, Bohumil Jirásek. 
250 |a 1. vydání 
264 1 |a Praha :  |b Státní pedagogické nakladatelství,  |c 1958. 
300 |a 112 strán. 
336 |a text  |b txt  |2 rdacontent 
337 |a bez média  |b n  |2 rdamedia 
338 |a zväzok  |b nc  |2 rdacarrier 
500 |a Záznam revízie 
700 1 |a Jirásek, Bohumil,  |d 1931-  |4 aut 
910 |a svkkk 
998 |a BK 
090 |g SCKHL  |k Sklad Pribinova 3. posch.  |a V.16981  |j 158413  |i 2720999132  |4 Duplikát  |s Vyradená 
090 |g SCKHL  |k Sklad Pribinova 3. posch.  |a V.22746  |j 163285  |i 2720845128  |s Prezenčne